2017 Songs - Statistics

General Stats
  • This quiz has been taken 99 times
  • The average score is 15 of 22
Answer Stats
Single Artist % Correct
Shape of You Ed Sheeran
99%
Despacito Luis Fonsi, Daddy Yankee & Justin Bieber
92%
Look What You Made Me Do Taylor Swift
86%
New Rules Dua Lipa
79%
That's What I Like Bruno Mars
78%
Thunder Imagine Dragons
78%
Havana Camila Cabello & Young Thug
76%
Something Just Like This The Chainsmokers & Coldplay
75%
HUMBLE. Kendrick Lamar
73%
What About Us P!nk
73%
There's Nothing Holdin' Me Back Shawn Mendes
73%
Attention Charlie Puth
68%
Wild Thoughts DJ Khaled, Rihanna & Bryson Tiller
68%
Sorry Not Sorry Demi Lovato
66%
Chained to the Rhythm Katy Perry & Skip Marley
66%
Rockstar Post Malone & 21 Savage
62%
1-800-273-8255 Logic, Alessia Cara & Khalid
61%
I Feel It Coming The Weeknd & Daft Punk
61%
Rockabye Clean Bandit, Sean Paul & Anne-Marie
58%
Green Light Lorde
49%
Mi Gente J Balvin & Willy William
46%
Mask Off Future
41%
No matching quizzes found
Score Distribution
Percent of People with Each Score
Percentile by Number Answered
Your Score History
You have not taken this quiz